Name the ASEAN Countries - Statistics

General Stats
  • This quiz has been taken 166 times
  • The average score is 9 of 10
Answer Stats
Hint Answer % Correct
1. Indonesia
98%
6. Cambodia
95%
4. Laos
95%
8. Malaysia
95%
7. Singapore
93%
3. Thailand
93%
5. Vietnam
93%
10. Brunei
92%
2. Myanmar
91%
9. Philippines
88%
No matching quizzes found
Score Distribution
Percent of People with Each Score
Percentile by Number Answered
Your Score History
You have not taken this quiz